000 00326 a2200145 4500
001 195220
020 _a978-85-380-5439-9
040 _cMagnum
240 1 0 _aA assembleia dos ratos
_lpor
245 1 0 _aA assembleia dos ratos
362 0 _a2016
440 1 _aCiranda Cultural
697 _aLITERATURA INFANTIL
942 _cBK
999 _c195220
_d195220